000 00450nam a2200181Ia 4500
001 3804
005 20260306145710.0
008 260306t2006||||xx |||||||||||||| ||spa||
041 _aESP
082 _a303.4833
_bC33 V. 1
100 _aCastells, Manuel
_eAUT
245 0 _aLa era de la información:
_beconomía, sociedad y cultura
260 _c2006
300 _apágs. :
_c23 cm.
650 _aGEN
654 _aCHU
942 _cLIB
_dJUS
_fJUS
_2ddc
_n
999 _c3804
_d3804